000 00625nam a2200241Ia 4500
005 20260320201206.0
008 008 262003s9999 xx 000 0 eng d
037 _aEBOOK
040 _aCRL
040 _beng
040 _cCRL
041 _2eng
041 _aeng
084 _qCRL
100 _aMarr
245 0 _aGenerative AI in Practice: 100+ Amazing Ways Generative Artificial Intelligence is Changing Business and Society
260 _bIEEE
260 _c2024
856 _uhttps://ieeexplore.ieee.org/servlet/opac?bknumber=10950173
942 _cEBOOK
999 _c1719548
_d1719548